000 00428nam a22001337a 4500
005 20251125111944.0
008 251125b |||||||| |||| 00| 0 eng d
100 _aREAD, JAMES S.
245 _aLAW REPORTS OF THE COMMONWEALTH 2015
260 _aLONDON
_bLEXISNEXIS
_c2015
300 _aXXIX, 805P.
650 _a1. LAW REPORTS, DIGESTS, ETC 2. LAW - COMMONWEALTH COUNTRIES - CASES 3. COMPARATIVE COUNTRIES
942 _2lcc
_cREF
999 _c216279
_d216279